00712nam a2200217Ia 4500003000900000008004100009020001800050040001600068080001500084100002700099245007700126260003200203300001700235650004100252650003100293650002500324700002600349942000700375999001500382952009700397IN-BaIIA211028s9999 xx 000 0 eng d a0-07-005371-5 cIIA Library a533.9bBIR aBirdsall, C. K.913973 0aPlasma physics via computer simulationcC. K. Birdsall and A. B. Langdon aNew YorkbMcGraw-Hillc1985 axxiii, 479p. aAstronomy and astrophysics thesaurus aComputer simulation910177 aPlasma physics93732 aLangdon, A. B.913974 cBK c8331d8331 00104070aBANbBANcGENd1985-07-10l0o533.9/ BIRp9178r2021-11-05w1985-07-10yBKG56.5